Anthropology appreciating human diversity

Đã lưu trong:
Chi tiết về thư mục
Tác giả chính: Kottak, Conrad Phillip.
Định dạng: Sách
Ngôn ngữ:English
Được phát hành: New York McGraw-Hill 2013
Phiên bản:15th ed.
Những chủ đề:
Các nhãn: Thêm thẻ
Không có thẻ, Là người đầu tiên thẻ bản ghi này!
Thư viện lưu trữ: Mạng thư viện Đại học Đà Nẵng
LEADER 01137nam a2200325 4500
001 000024397
003 20885
005 20161207161254.0
008 161207s2013 engsd
020 |a 0078035015 (hard copy : alk. paper)  |a 9780078035012 (hard copy : alk. paper) 
041 0 |a eng 
082 1 4 |a 301  |b KO-C 
100 1 |a Kottak, Conrad Phillip. 
245 1 0 |a Anthropology  |b appreciating human diversity  |c Conrad Phillip Kottak. 
250 |a 15th ed. 
260 |a New York  |b McGraw-Hill  |c 2013 
300 |a 624 p.  |b chiefly col. ill.  |c 28 cm. 
500 |a Includes bibliographical references (p. 578-599) and indexes. 
650 0 4 |a Ethnology. 
650 0 4 |a Anthropology. 
OWN |a LSP 
AVA |a UDN50  |b LSP  |d 301 KO-C  |e available  |t Error 5001 Not defined in file expand_doc_bib_avail.  |f 1  |g 0  |h N  |i 0  |k 1 
999 |a From the UDN01 
AVA |a UDN50  |b LSP  |d 301 KO-C  |e available  |t Error 5001 Not defined in file expand_doc_bib_avail.  |f 1  |g 0  |h N  |i 0  |k 1 
TYP |a Monograph 
TYP |a Printed language 
980 |a Mạng thư viện Đại học Đà Nẵng